Regionalism and Internationalisation in the Urartian Period

Saved in:

Other Authors: Dan, Roberto (Editor), Bonfanti, Annarita S. (Editor), Petrosyan, Artur (Editor), Gasparyan, Boris (Editor), Azatyan, Karen (Contributor), Vitolo, Priscilla (Contributor), Dadfar, Faezeh (Contributor), Zecchi, Chiara (Contributor), Cesaretti, Andrea (Contributor), Zimansky, Paul E. (Preface by)

Format: Book

Published: Oxford Archaeopress Publishing Ltd 2025

Tags: Add Tag

No Tags, Be the first to tag this record!

Call Number:

LEADER 01127namaa2200277 4500
001 9781805830085
003 UkOxAP
005 20260405155017.0
020 |a 9781805830092 
776 1 |x 9781805830085 
245 0 0 |a Regionalism and Internationalisation in the Urartian Period 
100 1 |a Dan, Roberto  |e Editor  |l English 
700 1 |a Bonfanti, Annarita S.  |e Editor  |l English 
700 1 |a Petrosyan, Artur  |e Editor  |l English 
700 1 |a Gasparyan, Boris  |e Editor  |l English 
700 1 |a Azatyan, Karen  |e Contributor  |l English 
700 1 |a Vitolo, Priscilla  |e Contributor  |l English 
700 1 |a Dadfar, Faezeh  |e Contributor  |l English 
700 1 |a Zecchi, Chiara  |e Contributor  |l English 
700 1 |a Cesaretti, Andrea  |e Contributor  |l English 
700 1 |a Zimansky, Paul E.  |e Preface by  |l English 
856 4 2 |a http://library.arce.org:8087/Archaeopress/Products/9781805830092 
260 |a Oxford  |b Archaeopress Publishing Ltd  |c 2025 
270 |a Archaeopress Publishing Ltd, Summertown Pavillion, 18 -24 Middle Way, Summertown  |b Oxford  |d United Kingdom  |e OX2 7LG  |k 44-1865-311914  |m info@archaeopress.com 
942 |2 lcc  |c EBOOK 
999 |c 62101  |d 62101